000 00344nam a2200157Ia 4500
003 0STCL
008 150530s9999 xx 000 0 und d
040 _aSTCL
_cSTCL
100 _aAusten
245 _aNorthanger Abbey and persuasion
260 _c1968
546 _aEnglish
942 _2ddc
_cBK
999 _c58583
_d58583
005 20220125171049.0